THE WORDS OF ALBERT SCHWEITZER/

Tallennettuna:
Bibliografiset tiedot
Muut tekijät: Cousins, Norman (selección) (selección)
Aineistotyyppi: Kirja
Aiheet:
Tagit: Lisää tagi
Ei tageja, Lisää ensimmäinen tagi!

MARC

LEADER 00000nam^a2200000^a^4500
001 000224343
005 20250521000000.0
009 20260310104048.181
020 |a 0-937858-41-2 
035 |a 043065 
037 |a Acervo Xavier Clavigero 
082 |a 240. 92 WOR 
245 1 4 |a THE WORDS OF ALBERT SCHWEITZER/  |c SELEC. NORMAN COUSINS 
264 |a NEW YORK :  |b NEWMARKET PRESS,  |c 1984 
300 |a 110p. 
336 |a texto  |b txt  |2 rdacontenido 
337 |a sin mediación  |b n  |2 rdamedio 
338 |a volumen  |b nc  |2 rdasoporte 
649 |a XX 
650 |a Schweitzer, Albert 
650 |a Teólogos 
700 |a Cousins, Norman  |e (selección) 
910 |a Fondo General 
920 |a Impresos - Libros 
930 |a Colección General 
905 |a 101 
901 |a 043065  |b IT1  |c ACC  |i 043065  |u 20250521 
902 |a https://opac.biblio.iteso.mx/vufind/Record/000224343